000 06845nam a22002657a 4500
003 Uzh_bibl
008 260429b |||||||| |||| 00| 0 ukr d
020 _a978-966-03-7951-0
_c100.00
040 _bукр.
041 _2ukr
_aukr
080 _a821(477)
090 _a821(477)
_bК 59
100 _aКокотюха , Андрій
245 _aОфіцер із Стрийського парку
_cхудожник-оформлювач В.Карасик
_hТекст
260 _aХарків
_b"Фоліо"
_c2017
300 _a283 с.
490 _aСерія " Ретророман"
520 _aЛьвів, осінь 1918 року. Австро-Угорська імперія за крок до руй­нації. Поляки та українці ведуть боротьбу за владу, кожна сторона претендує на Східну Галичину. Йдуть важкі політичні переговори. Українцям вигідно затягувати процес - є надія знайти сильного союзника. Аж раптом у Стрийському парку знаходять труп офі­це­ра-поляка, який був членом таємного військового товариства. Пе­ре­говорам кінець, і Климентій Кошовий, не так давно - відомий адвокат, а нині - особа без певних занять, має два дні, аби довести: вбивство не має стосунку до політики. Вбитий мав безліч ворогів, звести з ним рахунки міг хто завгодно. Але правда вже нікого не цікавить, збройне протистояння у Львові неминуче... І все одно Кошовий, під кулями листопадових вуличних боїв, вперто шукає істину. Відкриття приголомшить. А події тих буремних днів змі­нять його долю, вплинуть на погляди його друга Йозефа Шацького та можуть розвести по різні боки вуличних барикад Клима і його ко­хану Магду Богданович. Читайте останній роман «львівського циклу» з приголомшли­вим фіналом! Читати повний опис Характеристики Автор Андрій Кокотюха Видавництво Фоліо Серія книг Ретророман Мова Українська Рік видання 2017 Кількість сторінок 288 Ілюстрації Чорно-білі Формат 84х108/32 (~125х195 мм) Показати всі характеристики Рецензії (2) 5/5 5 4 3 2 1 Написати рецензію Підписатися на рецензії Аліна Круглецька 15 серпня 2018 р. 0 0 Потужне завершення ретро-детективного циклу з ухилом в політику. Роман "Офіцер з Стрийського парку" завершує цикл ретро-детективів Андрія Кокотюхи про розслідування, які проводить адвокат і громадський діяч Клим Кошовий у Львові напередодні і в час першої світової війни. Як і в попередньому романі циклу "Втікач із Бригідок" політика в цій книзі перемагає детектив. Так, Климу доводиться мудрувати над розгадкою чергового злочину - убивством в Стрийському парку польського офіцера. І, слід зазначити, розгадка злочину для читача виявиться абсолютно несподіваною. Хоча, повертаючись на останніх сторінках до прочитаного, мусила погодитись, що легкі натяки стосовно особи вбивці письменник таки давав. Однак, на перший план в романі виходить політична складова. Перед нами надзвичайно складний для Західної України період - останні дні відживає Австро-Угорська імперія. Дві спільноти -українська і польська - борються за утворення власної держави і в цій боротьбі руйнуються не тільки дружні, але і родинні зв'язки між українцями і поляками. І щодо фіналу роману - письменник анонсував його, як останній роман циклу, однак, особисто мені віриться, що з часом автор скучить за своїми персонажами і читач ще матиме можливість прочитати про майбутню долю Клима Кошового, його коханої Магди і вірного соратника Шацького. Валентина Радченко 3 серпня 2021 р. 0 0 Ретродетектив Книга в якій тісно переплітаються історичні факти та детективна лінія. Одного вечора в Стрийському парку офіцер-поляк, член таємного військового товариства зустрічається зі своїм вбивцею і колишнього відомого адвоката Климентія Кошового просять розібратися з цією справою та знайти винного. Кошовий має переконатися, що це не стосується політики. Адже саме в той час вирішується доля Львова і кому він дістанеться - полякам чи українцям. Кошовий візьметься за справу і знайде вбивцю. Але правда виявиться неочікуваною...
521 _aДля широкого кола читачів
546 _aукр.
650 _aЛітературно-художнє видання
653 _aПереговори
_aВбивство
_aВороги
655 _aПригоди
_vРоман
942 _2udc
_cBK
999 _c17559
_d17559